El Bosque en el silvetum del Montseny / por Joaquín Martín Diéguez ; ilustraciones, José Valle
Descripción Física:
127 p. : il., [2] map. pleg. ; 20 cm
Otros Autores:
Valle, José, il
MARC
| LEADER | 00000nam a2200000Ia 4500 | ||
|---|---|---|---|
| 001 | 876 | ||
| 008 | 160829s1971 xx 000 0 cat d | ||
| 080 | |a C-1-362 | ||
| 100 | |a Martín Diéguez, Joaquín |9 26859 | ||
| 245 | |a El Bosque en el silvetum del Montseny / por Joaquín Martín Diéguez ; ilustraciones, José Valle | ||
| 260 | |a Barcelona : |b (Imp. Escuela CAsa Caridad), |c 1971 | ||
| 300 | |a 127 p. : |b il., [2] map. pleg. ; |c 20 cm | ||
| 650 | 0 | |a Boscos i silvicultura |z Montseny (Catalunya : Massís) |9 43180 | |
| 700 | |a Valle, José, il. |9 30677 | ||
| 901 | |a Arxiu | ||
| 942 | |n 1 | ||
| 952 | |0 0 |1 0 |4 0 |6 C1362 |7 1 |9 45482 |a Arxiu |b Arxiu |d 2016-12-01 |l 0 |o C-1-362 |p 876 |r 2016-12-01 00:00:00 |w 2016-12-01 |y ARXIU | ||
| 999 | |c 48647 |d 48647 | ||